| 000 | 00869 a2200217 4500 | ||
|---|---|---|---|
| 999 |
_c4641 _d4641 |
||
| 020 | _a1563680181 : | ||
| 050 | 0 | 0 | _aLC3965WIN1993 |
| 100 | 1 |
_aWinzer, M. A. _d1940- |
|
| 245 | 1 | 4 |
_aThe history of special education : _bfrom isolation to integration / _cMargret A. Winzer. |
| 264 |
_aWashington: _bGallaudet university press, _c1993 |
||
| 300 | _axiii, 463 p. ; | ||
| 500 | _aincludes index | ||
| 504 | _aIncludes bibliographical references (p. 386-440) and indexes. | ||
| 650 | 0 |
_aSpecial education _xHistory. |
|
| 650 | 0 |
_aSpecial education _xHistory. |
|
| 650 | 0 |
_aPeople with disabilities _xEducation _xHistory. |
|
| 650 | 0 |
_aPeople with disabilities _xEducation _xHistory. |
|
| 650 | 0 |
_aMainstreaming in education _xHistory. |
|
| 942 |
_2lcc _cBK _h3965 _iWIN _k1993 |
||